书目信息 |
| 题名: |
慵懒的午餐后
|
|
| 作者: | 刘学民 著 | |
| 分册: | ||
| 出版信息: | 北京 中国经济出版社 2004.01 |
|
| 页数: | 307页 | |
| 开本: | 21cm | |
| 丛书名: | ||
| 单 册: | ||
| 中图分类: | F0-49 , I266.1 | |
| 科图分类: | ||
| 主题词: | 随笔--sui bi--中国--现代--作品集 , 经济学--jing ji xue--普及读物 | |
| 电子资源: | ||
| ISBN: | 7-5017-6246-5 | |
| 000 | 00818nam0 2200253 450 | |
| 001 | 012008110671 | |
| 005 | 20080423085624.85 | |
| 010 | @a7-5017-6246-5@dCNY24.80 | |
| 100 | @a20080423d2004 km y0chiy0120 ea | |
| 101 | 0 | @achi |
| 102 | @aCN@b110000 | |
| 105 | @aa z 000cy | |
| 106 | @ar | |
| 200 | 1 | @a慵懒的午餐后@Ayong lan de wu can hou@f刘学民著@Fliu xue min zhu |
| 210 | @a北京@c中国经济出版社@d2004.01 | |
| 215 | @a307页@c图@d21cm | |
| 330 | @a本书是关于经济学的通俗读物,力求通过“寻找你的搭档、别为面子竞争”等的阐述提供有效的现代商务管理方法和思路。 | |
| 606 | 0 | @a随笔@Asui bi@y中国@z现代@j作品集 |
| 606 | 0 | @a经济学@Ajing ji xue@j普及读物 |
| 690 | @aF0-49@v4 | |
| 690 | @aI266.1@v4 | |
| 701 | 0 | @a刘学民@Aliu xue min@4著 |
| 801 | 0 | @aCN@bQSSK@c20080423 |
| 905 | @b20701788-90@dI266.1@eL694@f3 | |
| 慵懒的午餐后/刘学民著.-北京:中国经济出版社,2004.01 |
| 307页:图;21cm |
| ISBN 7-5017-6246-5:CNY24.80 |
| 本书是关于经济学的通俗读物,力求通过“寻找你的搭档、别为面子竞争”等的阐述提供有效的现代商务管理方法和思路。 |
| ● |
| 相关链接 |
|
|
|
正题名:慵懒的午餐后
索取号:I266.1/L694
 
预约/预借
| 序号 | 登录号 | 条形码 | 馆藏地/架位号 | 状态 | 备注 |
| 1 | 701788 | 207017887 | 文学库116/116文学库 2排3列5层/ [索取号:I266.1/L694] | 在馆 | |
| 2 | 701789 | 207017896 | 文学库116/116文学库 2排3列5层/ [索取号:I266.1/L694] | 在馆 | |
| 3 | 701790 | 207017903 | 社科二线400B/400B社科库 14排4列1层/ [索取号:I266.1/L694] | 在馆 |